[Event "Camp. olandese"]
[Site "Hilversum OLA"]
[Date "2008.04.06"]
[Round "5"]
[White "Nijboer, F."]
[Black "Janssen, Ru"]
[Result "0-1"]
[WhiteElo "2558"]
[BlackElo "2504"]
[PlyCount "110"]
[EventDate "2008.04.02"]
[Source "www.chesslib.no"]
[SourceDate "2004.05.04"]

1. e4 e5 2. Nf3 Nc6 3. Bb5 a6 4. Ba4 Nf6 5. O-O Be7 6. Re1 b5 7. Bb3 d6 8. c3 O-O 9. h3 Na5 10. Bc2 c5 11. d4 Qc7 12. Nbd2 Nc6 13. d5 Nd8 14. a4 Rb8 15. axb5 axb5 16. b4 Bd7 17. bxc5 Qxc5 18. Nb3 Qxc3 19. Bd2 Qc8 20. Bb4 Re8 21. Bd3 Bf8 22. Ra7 Ra8 23. Rxa8 Qxa8 24. Qd2 Nb7 25. Ra1 Qb8 26. Kh2 Nc5 27. Qc2 Nxd5 28. exd5 Nxd3 29. Qxd3 e4 30. Qd1 exf3 31. Qxf3 Re5 32. Nd4 Qe8 33. Bc3 b4 34. Bb2 Re1 35. Rxe1 Qxe1 36. Qe3 Qxe3 37. fxe3 g6 38. Kg3 Bg7 39. Kf3 Kf8 40. Ke2 Bf5 41. Kf3 Bb1 42. g4 Bf6 43. Kf4 Be5+ 44. Kf3 f5 45. gxf5 gxf5 46. Ke2 Be4 47. h4 Bxd5 48. Kd3 Kf7 49. Bc1 Kg6 50. h5+ Kf6 51. h6 Kg6 52. Bd2 b3 53. Bc1 Be4+ 54. Kc4 Bc2 55. Nf3 Kxh6 0-1

[Event "Zagreb"]
[Site "Zagreb"]
[Date "1985.??.??"]
[Round "?"]
[White "Lobron, Eric"]
[Black "Smejkal, Jan"]
[Result "1/2-1/2"]
[WhiteElo "2505"]
[BlackElo "2555"]
[PlyCount "40"]
[EventDate "1985.04.??"]
[Source "ChessBase"]

1. e4 e5 2. Nf3 Nc6 3. Bb5 a6 4. Ba4 Nf6 5. O-O Be7 6. Re1 b5 7. Bb3 d6 8. c3 O-O 9. h3 Na5 10. Bc2 c5 11. d4 Qc7 12. Nbd2 Nc6 13. d5 Nd8 14. Nf1 Ne8 15. g4 f6 16. Ng3 g6 17. Kh1 Nf7 18. Rg1 Kh8 19. Nh2 Ng7 20. Be3 Bd7 1/2-1/2

[Event "Netanya"]
[Site "Netanya ISR"]
[Date "1971.??.??"]
[Round "8"]
[White "Parma, Bruno"]
[Black "Kavalek, Lubomir"]
[Result "1/2-1/2"]
[WhiteElo "2510"]
[BlackElo "2540"]
[PlyCount "37"]
[EventDate "1971.06.??"]
[Source "www.chesslib.no"]
[SourceDate "2004.05.04"]

1. e4 e5 2. Nf3 Nc6 3. Bb5 a6 4. Ba4 Nf6 5. O-O Be7 6. Re1 b5 7. Bb3 d6 8. c3 O-O 9. h3 Na5 10. Bc2 c5 11. d4 Nc6 12. Nbd2 Qc7 13. dxc5 dxc5 14. Nf1 Bd6 15. Bg5 Ne8 16. Ne3 f6 17. Nd5 Qd7 18. Be3 Be7 19. Nxe7+ 1/2-1/2

[Event "Chess Classic 2009"]
[Site "Queenstown NZL"]
[Date "2009.01.24"]
[Round "10.4"]
[White "Mastrovasilis, Dimitrios"]
[Black "Solomon, Stephen"]
[Result "1-0"]
[WhiteElo "2580"]
[BlackElo "2460"]
[PlyCount "153"]
[EventDate "2009.01.15"]
[Source "www.chesslib.no"]
[SourceDate "2004.05.04"]

1. e4 e5 2. Nf3 Nc6 3. Bb5 a6 4. Ba4 Nf6 5. O-O Be7 6. Re1 b5 7. Bb3 d6 8. c3 O-O 9. h3 Na5 10. Bc2 c5 11. d4 Qc7 12. Nbd2 Nc6 13. d5 Nd8 14. a4 Rb8 15. b4 c4 16. Nf1 Ne8 17. axb5 axb5 18. N3h2 g6 19. f4 exf4 20. Bxf4 Bf6 21. Qd2 Be5 22. Be3 Bd7 23. Nf3 f6 24. Ra7 Qc8 25. Rea1 Ng7 26. Nxe5 fxe5 27. Ng3 Nf7 28. Kh2 Rb7 29. Bd1 Rxa7 30. Rxa7 Ne8 31. Nh1 Nf6 32. Nf2 Kg7 33. Bg4 Nxg4+ 34. Nxg4 Bxg4 35. Bh6+ Kg8 36. Bxf8 Kxf8 37. hxg4 Qxg4 38. Qf2 Qh5+ 39. Kg1 Qd1+ 40. Kh2 Qh5+ 41. Kg1 Qd1+ 42. Qf1 Qxf1+ 43. Kxf1 Ng5 44. Rb7 Nxe4 45. Rxb5 Nxc3 46. Ra5 h5 47. Ke1 Ke7 48. Kd2 Ne4+ 49. Kc2 Kd8 50. Ra6 Kc7 51. Rc6+ Kb7 52. b5 g5 53. Rxc4 Nc5 54. Kc3 Kb6 55. Rb4 Nd7 56. Kd3 Kc5 57. Rc4+ Kxd5 58. Rc7 Nb6 59. Ke3 e4 60. Rg7 Nc4+ 61. Ke2 g4 62. Rg5+ Kd4 63. Rxh5 d5 64. Rg5 Kc5 65. g3 Nb6 66. Rxg4 Kxb5 67. Rf4 Kc4 68. g4 Kc3 69. g5 Nc4 70. g6 d4 71. Rxe4 d3+ 72. Kf2 Nd6 73. Re7 Nb5 74. g7 d2 75. Rd7 Nd4 76. Rxd4 Kxd4 77. Ke2 1-0

[Event "Zenica"]
[Site "Zenica BIH"]
[Date "1987.??.??"]
[Round "?"]
[White "Velimirovic, Dragoljub"]
[Black "Marjanovic, Slavoljub"]
[Result "1/2-1/2"]
[WhiteElo "2535"]
[BlackElo "2505"]
[PlyCount "26"]
[EventDate "1987.04.??"]
[Source "www.chesslib.no"]
[SourceDate "2004.05.04"]

1. e4 e5 2. Nf3 Nc6 3. Bb5 a6 4. Ba4 Nf6 5. O-O Be7 6. Re1 b5 7. Bb3 d6 8. c3 O-O 9. h3 Na5 10. Bc2 c5 11. d4 Qc7 12. Nbd2 Nc6 13. d5 Na5 1/2-1/2

[Event "CUB-ch"]
[Site "Las Tunas"]
[Date "1996.??.??"]
[Round "1"]
[White "Herrera, Irisberto"]
[Black "Arencibia, Walter"]
[Result "1/2-1/2"]
[WhiteElo "2475"]
[BlackElo "2555"]
[PlyCount "67"]
[EventDate "1996.05.??"]
[Source "www.chesslib.no"]
[SourceDate "2004.05.04"]

1. e4 e5 2. Nf3 Nc6 3. Bb5 a6 4. Ba4 Nf6 5. O-O Be7 6. Re1 b5 7. Bb3 d6 8. c3 O-O 9. h3 Na5 10. Bc2 c5 11. d4 Qc7 12. Nbd2 Nc6 13. d5 Na7 14. Nf1 Bd7 15. Ng3 Nc8 16. Nh2 Nb6 17. Qf3 Qc8 18. Rd1 Re8 19. Ne2 h6 20. g4 Nh7 21. Ng3 Bg5 22. Bxg5 Nxg5 23. Qg2 Qd8 24. Nf3 Qf6 25. Nxg5 hxg5 26. Nh5 Qd8 27. Qf3 Nc8 28. Ng3 Ne7 29. Nf5 Nxf5 30. exf5 f6 31. Kg2 Kf7 32. Rh1 Rh8 33. Be4 Qa5 34. Qe2 1/2-1/2

[Event "YUG-ch"]
[Site "?"]
[Date "1978.02.06"]
[Round "14"]
[White "Velimirovic Dragoljub"]
[Black "Matanovic Aleksandar"]
[Result "1-0"]
[WhiteElo "2520"]
[BlackElo "2505"]
[PlyCount "105"]
[EventDate "1978.??.??"]
[Source "www.chesslib.no"]
[SourceDate "2004.05.04"]

1. e4 e5 2. Nf3 Nc6 3. Bb5 a6 4. Ba4 Nf6 5. O-O Be7 6. Re1 b5 7. Bb3 d6 8. c3 O-O 9. h3 Na5 10. Bc2 c5 11. d4 Qc7 12. Nbd2 Nc6 13. d5 Nd8 14. a4 Rb8 15. b3 Ne8 16. Qe2 g6 17. Bd3 Bd7 18. axb5 axb5 19. Bb2 f6 20. Ra2 Nf7 21. Rea1 Qc8 22. Ra5 Bd8 23. Ra7 Ng7 24. Bc1 f5 25. Nb1 Kh8 26. R7a2 fxe4 27. Bxe4 Nh5 28. Be3 Nf4 29. Bxf4 exf4 30. Ra7 Bb6 31. R7a6 Re8 32. Nbd2 Qd8 33. Qf1 Ne5 34. Nxe5 Rxe5 35. Bd3 Rxd5 36. Nf3 b4 37. c4 Rh5 38. Be4 Qe7 39. Ra8 Re8 40. Bd5 Rxa8 41. Rxa8+ Kg7 42. Rg8+ Kh6 43. g4 Re5 44. Qc1 Qf6 45. Rb8 Bd8 46. Rxd8 Qxd8 47. Qxf4+ g5 48. Nxe5 dxe5 49. Qf7 e4 50. Bxe4 Qh8 51. Qh5+ Kg7 52. Qxg5+ Kf7 53. Qh5+ 1-0

[Event "Balkaniad (Men)"]
[Site "Baile Herculane"]
[Date "1978.10.??"]
[Round "3"]
[White "Parma, Bruno"]
[Black "Tringov, Georgi P"]
[Result "1/2-1/2"]
[WhiteElo "2540"]
[BlackElo "2480"]
[PlyCount "51"]
[EventDate "1978.10.02"]
[Source "www.chesslib.no"]
[SourceDate "2004.05.04"]

1. e4 e5 2. Nf3 Nc6 3. Bb5 a6 4. Ba4 Nf6 5. O-O Be7 6. Re1 b5 7. Bb3 d6 8. c3 O-O 9. h3 Na5 10. Bc2 c5 11. d4 Qc7 12. Nbd2 Nc6 13. dxc5 dxc5 14. Nf1 Be6 15. Ne3 Rad8 16. Qe2 c4 17. Nf5 Bxf5 18. exf5 Rfe8 19. Ng5 Nb8 20. a4 Nbd7 21. axb5 axb5 22. Be3 Bc5 23. b4 Bxe3 24. Qxe3 Nd5 25. Qf3 N7f6 26. g3 1/2-1/2

[Event "Buenos Aires ol (Men)"]
[Site "Buenos Aires ARG"]
[Date "1978.??.??"]
[Round "11"]
[White "Liberzon, Vladimir M"]
[Black "Hernandez, Roman O"]
[Result "1/2-1/2"]
[WhiteElo "2555"]
[BlackElo "2465"]
[PlyCount "75"]
[EventDate "1978.10.25"]
[Source "www.chesslib.no"]
[SourceDate "2004.05.04"]

1. e4 e5 2. Nf3 Nc6 3. Bb5 a6 4. Ba4 Nf6 5. O-O Be7 6. Re1 b5 7. Bb3 d6 8. c3 O-O 9. h3 Na5 10. Bc2 c5 11. d4 Qc7 12. Nbd2 Nc6 13. d5 Nd8 14. a4 Rb8 15. axb5 axb5 16. b4 c4 17. Nf1 Ne8 18. g4 f6 19. Be3 Nf7 20. Kh2 g6 21. Ng3 Ng7 22. Qd2 Qd7 23. Ra7 Bb7 24. Rea1 Ra8 25. Qd1 Rxa7 26. Rxa7 Ra8 27. Qa1 Rxa7 28. Qxa7 Bc8 29. Qxd7 Bxd7 30. Nd2 Ne8 31. Nb1 Bf8 32. Na3 Bh6 33. Bxh6 Nxh6 34. Kg2 Nc7 35. f3 Kf7 36. Kf2 Ke7 37. h4 Nf7 38. Ke1 1/2-1/2

[Event "Europa ch 2008"]
[Site "Plovdiv BUL"]
[Date "2008.04.23"]
[Round "3.59"]
[White "Almasi, Zoltan"]
[Black "Beinoras, Mindaugas"]
[Result "1-0"]
[WhiteElo "2674"]
[BlackElo "2339"]
[PlyCount "67"]
[EventDate "2008.04.21"]
[Source "www.chesslib.no"]
[SourceDate "2004.05.04"]

1. e4 e5 2. Nf3 Nc6 3. Bb5 a6 4. Ba4 Nf6 5. O-O Be7 6. Re1 b5 7. Bb3 d6 8. c3 O-O 9. h3 Na5 10. Bc2 c5 11. d4 Qc7 12. Nbd2 Nc6 13. d5 Nd8 14. a4 Rb8 15. b4 Ne8 16. Nf1 f6 17. Be3 g6 18. bxc5 dxc5 19. axb5 axb5 20. c4 Nd6 21. cxb5 Bd7 22. Bd3 Bxb5 23. Bxb5 Rxb5 24. N1d2 N8f7 25. Qc2 Rb7 26. Nc4 Nb5 27. Ra6 Nd4 28. Qa2 Kg7 29. Nfd2 Rfb8 30. Qa4 Nd6 31. Nxd6 Bxd6 32. Nc4 Bf8 33. Ra1 Qe7 34. Kh2 1-0

[Event "Schacknytt GM"]
[Site "Upplands Vasby"]
[Date "2000.12.11"]
[Round "7"]
[White "Kulaots, Kaido"]
[Black "Sokolov, Andrei"]
[Result "0-1"]
[WhiteElo "2491"]
[BlackElo "2509"]
[PlyCount "80"]
[EventDate "2000.12.05"]
[Source "ChessBase"]
[SourceDate "2001.03.20"]

1. e4 e5 2. Nf3 Nc6 3. Bb5 a6 4. Ba4 Nf6 5. O-O Be7 6. Re1 b5 7. Bb3 d6 8. c3 O-O 9. h3 Na5 10. Bc2 c5 11. d4 Qc7 12. Nbd2 Nc6 13. d5 Nd8 14. Nf1 Ne8 15. g4 g6 16. Ng3 Ng7 17. Kh2 f6 18. Be3 Nf7 19. Qd2 Bd7 20. Rg1 Ng5 21. Nh4 Rae8 22. Raf1 Qc8 23. f4 exf4 24. Bxf4 Qd8 25. Nf3 Nf7 26. Bh6 Nxh6 27. Qxh6 Rf7 28. Ng5 fxg5 29. Rxf7 Kxf7 30. e5 Kg8 31. Nh5 Nxh5 32. Bxg6 hxg6 33. gxh5 Bf8 34. Qxg6+ Bg7 35. h6 Re7 36. Rxg5 Qf8 37. e6 Qf4+ 38. Rg3 Be8 39. Qg4 Qxh6 40. Rf3 Bh5 0-1

[Event "Bangalore"]
[Site "Bangalore"]
[Date "1981.??.??"]
[Round "1"]
[White "Dydyshko, Viacheslav"]
[Black "Kuzmin, Gennadi P"]
[Result "1/2-1/2"]
[WhiteElo "2445"]
[BlackElo "2550"]
[PlyCount "35"]
[EventDate "1981.07.??"]
[Source "ChessBase"]

1. e4 e5 2. Nf3 Nc6 3. Bb5 a6 4. Ba4 Nf6 5. O-O Be7 6. Re1 b5 7. Bb3 d6 8. c3 O-O 9. h3 Na5 10. Bc2 c5 11. d4 Qc7 12. Nbd2 Nc6 13. dxc5 dxc5 14. Nf1 Be6 15. N3h2 Rfd8 16. Qf3 Rd7 17. Ng4 Nxg4 18. hxg4 1/2-1/2

[Event "Kragujevac"]
[Site "?"]
[Date "1977.??.??"]
[Round "13"]
[White "Matulovic Milan"]
[Black "Padevsky Nikola"]
[Result "1/2-1/2"]
[WhiteElo "2510"]
[BlackElo "2480"]
[PlyCount "39"]
[EventDate "1977.??.??"]
[Source "www.chesslib.no"]
[SourceDate "2004.05.04"]

1. e4 e5 2. Nf3 Nc6 3. Bb5 a6 4. Ba4 Nf6 5. O-O Be7 6. Re1 b5 7. Bb3 d6 8. c3 O-O 9. h3 Na5 10. Bc2 c5 11. d4 Qc7 12. Nbd2 Nc6 13. dxc5 dxc5 14. Nf1 Be6 15. Ne3 Rad8 16. Qe2 g6 17. a4 c4 18. Ng5 Bc8 19. axb5 axb5 20. Nd5 1/2-1/2

[Event "Buenos Aires ol (Men)"]
[Site "Buenos Aires ARG"]
[Date "1978.??.??"]
[Round "3"]
[White "Unzicker, Wolfgang"]
[Black "Hernandez, Roman O"]
[Result "1/2-1/2"]
[WhiteElo "2525"]
[BlackElo "2465"]
[PlyCount "47"]
[EventDate "1978.10.25"]
[Source "www.chesslib.no"]
[SourceDate "2004.05.04"]

1. e4 e5 2. Nf3 Nc6 3. Bb5 a6 4. Ba4 Nf6 5. O-O Be7 6. Re1 b5 7. Bb3 d6 8. c3 O-O 9. h3 Na5 10. Bc2 c5 11. d4 Qc7 12. Nbd2 Nc6 13. dxc5 dxc5 14. Nf1 Be6 15. Ne3 Rad8 16. Qe2 c4 17. Nf5 Rfe8 18. Bg5 Nd7 19. Bxe7 Nxe7 20. Red1 f6 21. Rd2 Nc5 22. Rad1 Rxd2 23. Nxe7+ Rxe7 24. Rxd2 1/2-1/2

[Event "JUG-ch"]
[Site "JUG"]
[Date "1989.??.??"]
[Round "?"]
[White "Popovic, Petar"]
[Black "Nikolic, Zivoslav"]
[Result "1/2-1/2"]
[WhiteElo "2535"]
[BlackElo "2450"]
[PlyCount "49"]
[EventDate "1989.02.??"]
[Source "ChessBase"]

1. e4 Nc6 2. Nf3 e5 3. Bb5 a6 4. Ba4 Nf6 5. O-O Be7 6. Re1 b5 7. Bb3 d6 8. c3 O-O 9. h3 Na5 10. Bc2 c5 11. d4 Qc7 12. Nbd2 Nc6 13. d5 Nd8 14. a4 Qb7 15. b4 c4 16. Nf1 Ne8 17. Ra2 f6 18. Be3 Nf7 19. Qd2 Bd7 20. Rea1 Nc7 21. Ng3 g6 22. Nh2 Rfb8 23. f4 exf4 24. Bxf4 a5 25. bxa5 1/2-1/2

[Event "Montpellier"]
[Site "Montpellier FRA"]
[Date "1988.??.??"]
[Round "14"]
[White "Simic, Radoslav"]
[Black "Sahovic, Dragutin"]
[Result "1/2-1/2"]
[WhiteElo "2515"]
[BlackElo "2460"]
[PlyCount "44"]
[EventDate "1988.03.??"]
[Source "www.chesslib.no"]
[SourceDate "2004.05.04"]

1. e4 e5 2. Nf3 Nc6 3. Bb5 a6 4. Ba4 Nf6 5. O-O Be7 6. Re1 b5 7. Bb3 d6 8. c3 O-O 9. h3 Na5 10. Bc2 c5 11. d4 Qc7 12. Nbd2 Nc6 13. Nf1 cxd4 14. cxd4 Bd7 15. Ng3 Rac8 16. Re2 Rfe8 17. Be3 g6 18. Rc1 Qb8 19. d5 Nb4 20. Bb1 a5 21. Qe1 Rxc1 22. Bxc1 Rc8 1/2-1/2

[Event "Mind Sports Games - Blitz Team"]
[Site "Pechino CINA"]
[Date "2008.10.13"]
[Round "7"]
[White "Leon Hoyos, M."]
[Black "Greet, A."]
[Result "0-1"]
[WhiteElo "2535"]
[BlackElo "2440"]
[PlyCount "146"]
[EventDate "2008.10.13"]
[Source "www.chesslib.no"]
[SourceDate "2004.05.04"]

1. e4 e5 2. Nf3 Nc6 3. Bb5 a6 4. Ba4 Nf6 5. O-O Be7 6. Re1 b5 7. Bb3 d6 8. c3 O-O 9. h3 Na5 10. Bc2 c5 11. d4 Qc7 12. Nbd2 Nc6 13. dxc5 dxc5 14. Nf1 Be6 15. Ne3 Rad8 16. Qe2 c4 17. Nh2 Nd4 18. cxd4 exd4 19. Nd5 Nxd5 20. exd5 d3 21. Bxd3 cxd3 22. Qxd3 Rxd5 23. Qe2 Bb4 24. Rf1 Re5 25. Be3 Bc4 26. Qc2 Bd6 27. Nf3 Bxf1 28. Qxc7 Bxc7 29. Nxe5 Bxe5 30. Kxf1 Bxb2 31. Rd1 Rc8 32. Rd6 Ra8 33. Ke2 Ba3 34. Rb6 g6 35. Rb7 Bd6 36. g4 Be5 37. f4 Bf6 38. Kf3 Kg7 39. Bf2 Bc3 40. Rc7 b4 41. Rb7 a5 42. Bc5 Ra6 43. f5 gxf5 44. gxf5 Kf6 45. Ke4 Rc6 46. Be7+ Kg7 47. Rb8 a4 48. Bxb4 Rc4+ 49. Kd3 Rxb4 50. Ra8 Be1 51. a3 Rb3+ 52. Ke2 Bg3 53. Rxa4 Bd6 54. Ra6 Bxa3 55. h4 Be7 56. h5 Rh3 57. Ra7 Bf6 58. Ra6 Rxh5 59. Ra5 Kh6 60. Kf3 Kg5 61. Ra7 Rh3+ 62. Kg2 Rb3 63. Rxf7 h5 64. Ra7 Kxf5 65. Ra5+ Be5 66. Ra2 Kg4 67. Re2 Rb5 68. Re4+ Bf4 69. Re2 h4 70. Rc2 h3+ 71. Kf2 Rb1 72. Rc8 h2 73. Rg8+ Bg5 0-1

[Event "HUN-ch"]
[Site "Budapest"]
[Date "1971.??.??"]
[Round "12"]
[White "Dely, Peter"]
[Black "Lengyel, Levente"]
[Result "1/2-1/2"]
[WhiteElo "2480"]
[BlackElo "2485"]
[PlyCount "49"]
[EventDate "1971.??.??"]
[Source "ChessBase"]

1. e4 e5 2. Nf3 Nc6 3. Bb5 a6 4. Ba4 Nf6 5. O-O Be7 6. Re1 b5 7. Bb3 d6 8. c3 O-O 9. h3 Na5 10. Bc2 c5 11. d4 Qc7 12. Nbd2 Nc6 13. dxc5 dxc5 14. Nf1 Be6 15. Ne3 Rad8 16. Qe2 c4 17. Nf5 Rfe8 18. Nxe7+ Nxe7 19. Bg5 Nd7 20. Bxe7 Rxe7 21. Ng5 Nc5 22. Nxe6 fxe6 23. Rad1 Red7 24. Rxd7 Rxd7 25. Rd1 1/2-1/2

[Event "Corr"]
[Site "?"]
[Date "1998.01.05"]
[Round "?"]
[White "Gerhardt Frank (GER)"]
[Black "Hoffmann Horst (GER)"]
[Result "1-0"]
[WhiteElo "2560"]
[BlackElo "2405"]
[PlyCount "89"]
[EventDate "1998.??.??"]
[Source "www.chesslib.no"]
[SourceDate "2004.05.04"]

1. e4 e5 2. Nf3 Nc6 3. Bb5 a6 4. Ba4 Nf6 5. O-O Be7 6. Re1 b5 7. Bb3 d6 8. c3 O-O 9. h3 Na5 10. Bc2 c5 11. d4 Qc7 12. Nbd2 Nc6 13. d5 Nd8 14. a4 Rb8 15. b4 c4 16. Nf1 Ne8 17. axb5 axb5 18. N3h2 f6 19. f4 Nf7 20. Nf3 Qb7 21. Be3 Ra8 22. Rxa8 Qxa8 23. f5 Nc7 24. g4 Qb7 25. Ng3 Bd7 26. h4 Ra8 27. g5 Ra3 28. Qd2 Ra2 29. gxf6 Bxf6 30. Nh5 Ne8 31. Kh1 Bc8 32. Rg1 Qe7 33. Qf2 Qf8 34. Rg2 Ra3 35. Qe1 Be7 36. Bd1 Kh8 37. Ng5 Nd8 38. Ne6 Bxe6 39. dxe6 Ra1 40. Kh2 Nc6 41. Bg5 Nf6 42. Nxf6 Bxf6 43. Qd2 h6 44. Bh5 Nd8 45. Bxf6 1-0

[Event "DSV-Turnier"]
[Site "Leipzig"]
[Date "1975.??.??"]
[Round "9"]
[White "Tukmakov, Vladimir B"]
[Black "Hernandez, Roman"]
[Result "1-0"]
[WhiteElo "2570"]
[BlackElo "2395"]
[PlyCount "97"]
[EventDate "1975.11.22"]
[Source "ChessBase"]

1. e4 e5 2. Nf3 Nc6 3. Bb5 a6 4. Ba4 Nf6 5. O-O Be7 6. Re1 b5 7. Bb3 d6 8. c3 O-O 9. h3 Na5 10. Bc2 c5 11. d4 Qc7 12. Nbd2 Nc6 13. d5 Nd8 14. a4 Rb8 15. b4 c4 16. Nf1 Ne8 17. g4 g6 18. Ng3 Ng7 19. Nh2 f6 20. f4 exf4 21. Bxf4 Nf7 22. Nf3 Bd7 23. Nd4 Ne5 24. Be3 Qc8 25. Qe2 Bd8 26. Kh1 Bb6 27. a5 Bxd4 28. cxd4 Nd3 29. Bxd3 cxd3 30. Qxd3 Qc4 31. Qa3 Qc8 32. Bf4 Ne8 33. Kh2 Rb7 34. Rac1 Rc7 35. Rxc7 Qxc7 36. Rc1 Qd8 37. Qa2 Qe7 38. Qd2 Rf7 39. Re1 Bc8 40. Bh6 Qd8 41. Rf1 Bd7 42. e5 dxe5 43. dxe5 fxe5 44. Rxf7 Kxf7 45. Ne4 Kg8 46. d6 Ng7 47. Qd5+ Ne6 48. Qxe5 Qh4 49. Bg5 1-0

[Event "Metz op"]
[Site "Metz"]
[Date "1998.04.10"]
[Round "6"]
[White "Korneev, Oleg"]
[Black "Haik, Aldo"]
[Result "1-0"]
[WhiteElo "2560"]
[BlackElo "2400"]
[PlyCount "105"]
[EventDate "1998.04.06"]
[Source "www.chesslib.no"]
[SourceDate "2004.05.04"]

1. e4 e5 2. Nf3 Nc6 3. Bb5 a6 4. Ba4 Nf6 5. O-O Be7 6. Re1 b5 7. Bb3 d6 8. c3 O-O 9. h3 Na5 10. Bc2 c5 11. d4 Qc7 12. Nbd2 Nc6 13. d5 Nd8 14. Nf1 Ne8 15. N3h2 f6 16. f4 exf4 17. Bxf4 Nf7 18. Ng3 g6 19. Nf3 Ng7 20. Rf1 Bd7 21. Qd2 a5 22. Rf2 Rab8 23. Raf1 c4 24. Ne2 b4 25. Nfd4 Qb6 26. Qd1 Ne5 27. Be3 Qa6 28. Nf4 a4 29. cxb4 Rxb4 30. Nde6 Rf7 31. Bd4 a3 32. b3 Qc8 33. bxc4 Nxe6 34. dxe6 Bxe6 35. Nxe6 Qxe6 36. Bb3 Nxc4 37. Qd3 d5 38. exd5 Qxd5 39. Rc2 Rxb3 40. axb3 Ne5 41. Qe3 Bd6 42. Kh1 Kg7 43. Bc5 Rd7 44. b4 Qd3 45. Qf2 Rf7 46. Ra1 Bb8 47. Qd2 Qg3 48. Bf2 Qb3 49. Qc3 Qxc3 50. Rxc3 Rb7 51. Bc5 Nd7 52. Rcxa3 Be5 53. Ra7 1-0

[Event "Linares Anibal op"]
[Site "Linares"]
[Date "1999.01.09"]
[Round "2"]
[White "Konguvel, Ponnuswamy"]
[Black "Arencibia, Walter"]
[Result "1-0"]
[WhiteElo "2410"]
[BlackElo "2550"]
[PlyCount "99"]
[EventDate "1999.01.??"]
[Source "ChessBase"]
[SourceDate "1999.03.01"]

1. e4 e5 2. Nf3 Nc6 3. Bb5 a6 4. Ba4 Nf6 5. O-O Be7 6. Re1 b5 7. Bb3 d6 8. c3 O-O 9. h3 Na5 10. Bc2 c5 11. d4 Qc7 12. Nbd2 Nc6 13. d5 Na7 14. b3 Bd7 15. Nf1 Nc8 16. a4 Qb8 17. a5 Bd8 18. Bg5 Qc7 19. Ng3 Ne8 20. Be3 Ne7 21. Nh4 Kh8 22. Nhf5 Ng8 23. Rf1 g6 24. Nh6 Bf6 25. Nxg8 Kxg8 26. b4 c4 27. Qd2 Qd8 28. f4 exf4 29. Bxf4 Qe7 30. Ne2 Be5 31. Nd4 Bxf4 32. Rxf4 Qg5 33. Raf1 Nc7 34. Qf2 Qe7 35. Qg3 Qe5 36. Qf3 f5 37. exf5 Nxd5 38. Re4 Qf6 39. Rg4 Ne7 40. Qb7 Rad8 41. Rf3 Bc8 42. Qe4 Qe5 43. Rgg3 Qxe4 44. Bxe4 Kg7 45. h4 d5 46. Bc2 Rd6 47. h5 Nc6 48. fxg6 Rxf3 49. gxf3 Kh6 50. gxh7 1-0

[Event "Nis"]
[Site "Nis"]
[Date "1981.??.??"]
[Round "5"]
[White "Matulovic, Milan"]
[Black "Nikolic, Zivoslav"]
[Result "0-1"]
[WhiteElo "2495"]
[BlackElo "2460"]
[PlyCount "86"]
[EventDate "1981.10.??"]
[Source "ChessBase"]

1. e4 e5 2. Nf3 Nc6 3. Bb5 a6 4. Ba4 Nf6 5. O-O Be7 6. Re1 b5 7. Bb3 d6 8. c3 O-O 9. h3 Na5 10. Bc2 c5 11. d4 Qc7 12. Nbd2 Nc6 13. dxc5 dxc5 14. Nf1 Be6 15. Ne3 Rad8 16. Qe2 c4 17. Nf5 Nd7 18. b4 Bf6 19. Ng5 h6 20. Nxe6 fxe6 21. Ne3 Bg5 22. Qg4 Rde8 23. h4 Bd8 24. Rd1 Nf6 25. Qe2 Qb7 26. Nf1 Ne7 27. a4 Bb6 28. Be3 Bxe3 29. Nxe3 Nxe4 30. Nxc4 Nxc3 31. Qd3 bxc4 32. Qxc3 Nd5 33. Qxc4 Rf4 34. Qd3 e4 35. Qg3 Ref8 36. b5 Qa7 37. Bb3 Rxf2 38. Kh2 Nf4 39. Rd7 Qxd7 40. Qxf2 axb5 41. a5 Qd3 42. a6 Qxb3 43. a7 Qd5 0-1

[Event "Zadar op"]
[Site "Zadar"]
[Date "2000.12.15"]
[Round "7"]
[White "Mestrovic, Zvonimir"]
[Black "Lalic, Bogdan"]
[Result "1/2-1/2"]
[WhiteElo "2434"]
[BlackElo "2520"]
[PlyCount "27"]
[EventDate "2000.12.09"]
[Source "ChessBase"]
[SourceDate "2001.01.11"]

1. e4 e5 2. Nf3 Nc6 3. Bb5 a6 4. Ba4 Nf6 5. O-O Be7 6. Re1 b5 7. Bb3 d6 8. c3 O-O 9. h3 Na5 10. Bc2 c5 11. d4 Qc7 12. Nbd2 Nc6 13. d5 Nd8 14. Nf1 1/2-1/2

[Event "HUN-chT2"]
[Site "HUN"]
[Date "1993.??.??"]
[Round "?"]
[White "Hazai, Laszlo"]
[Black "Lukacs, Peter"]
[Result "1/2-1/2"]
[WhiteElo "2470"]
[BlackElo "2480"]
[PlyCount "32"]
[EventDate "1993.??.??"]
[Source "www.chesslib.no"]
[SourceDate "2004.05.04"]

1. e4 e5 2. Nf3 Nc6 3. Bb5 a6 4. Ba4 Nf6 5. O-O Be7 6. Re1 b5 7. Bb3 d6 8. c3 O-O 9. h3 Na5 10. Bc2 c5 11. d4 Qc7 12. Nbd2 Nc6 13. d5 Na5 14. Nf1 Bd7 15. Ng3 c4 16. Nh2 Nb7 1/2-1/2

[Event "Madrid Federacion 2nd"]
[Site "?"]
[Date "2002.11.07"]
[Round "1"]
[White "Herrera Irisberto"]
[Black "Borges Mateos Juan"]
[Result "1/2-1/2"]
[WhiteElo "2483"]
[BlackElo "2460"]
[PlyCount "35"]
[EventDate "2002.??.??"]
[Source "www.chesslib.no"]
[SourceDate "2004.05.04"]

1. e4 e5 2. Nf3 Nc6 3. Bb5 a6 4. Ba4 Nf6 5. O-O Be7 6. Re1 b5 7. Bb3 d6 8. c3 O-O 9. h3 Na5 10. Bc2 c5 11. d4 Qc7 12. Nbd2 Nc6 13. d5 Nd8 14. Nf1 Bd7 15. Ng3 g6 16. a4 Nb7 17. Nh2 c4 18. f4 1/2-1/2

[Event "Metz FRA"]
[Site "?"]
[Date "2006.04.29"]
[Round "8"]
[White "Draoui Najib"]
[Black "Postny Evgeny"]
[Result "0-1"]
[WhiteElo "2369"]
[BlackElo "2572"]
[PlyCount "112"]
[EventDate "2006.??.??"]
[Source "www.chesslib.no"]
[SourceDate "2004.05.04"]

1. e4 e5 2. Nf3 Nc6 3. Bb5 a6 4. Ba4 Nf6 5. O-O Be7 6. Re1 b5 7. Bb3 d6 8. c3 O-O 9. h3 Na5 10. Bc2 c5 11. d4 Qc7 12. Nbd2 Nc6 13. dxc5 dxc5 14. Nf1 Be6 15. N3h2 Rad8 16. Qf3 Qc8 17. Ng3 Rfe8 18. Nhf1 c4 19. Ne3 g6 20. Nef1 Kg7 21. Be3 h5 22. Bg5 Nd7 23. Be3 Nc5 24. Nf5+ Bxf5 25. exf5 e4 26. Bxe4 Nxe4 27. Qxe4 Bf6 28. Qf4 Qxf5 29. Qxf5 gxf5 30. Ng3 Kg6 31. Ne2 Be5 32. Nf4+ Bxf4 33. Bxf4 Re4 34. g3 Rd3 35. Kf1 Nd8 36. Rxe4 fxe4 37. a4 Ne6 38. Be3 h4 39. Ke2 hxg3 40. fxg3 b4 41. Rc1 b3 42. Rf1 Nc7 43. h4 Nd5 44. Bd4 Rxg3 45. h5+ Kxh5 46. Rf5+ Rg5 47. Rxf7 Rg2+ 48. Kd1 Kg4 49. Rg7+ Kf3 50. Rxg2 Kxg2 51. Ke2 Kg3 52. Be5+ Kg4 53. Bg7 Kf5 54. Kf2 Nb6 55. Bf8 Nxa4 56. Ba3 Nb6 0-1

[Event "Baden"]
[Site "Vienna"]
[Date "1980.??.??"]
[Round "11"]
[White "Spassky, Boris V"]
[Black "Janetschek, Karl"]
[Result "1-0"]
[WhiteElo "2615"]
[BlackElo "2325"]
[PlyCount "87"]
[EventDate "1980.??.??"]
[Source "ChessBase"]

1. e4 e5 2. Nf3 Nc6 3. Bb5 a6 4. Ba4 Nf6 5. O-O Be7 6. Re1 b5 7. Bb3 d6 8. c3 O-O 9. h3 Na5 10. Bc2 c5 11. d4 Qc7 12. Nbd2 Nc6 13. d5 Nd8 14. Nf1 c4 15. g4 Kh8 16. Ng3 g6 17. Nh2 Ng8 18. Kg2 Bh4 19. Rf1 Qe7 20. Nf3 Bf6 21. Be3 Bg7 22. Qd2 f6 23. b3 cxb3 24. axb3 Nf7 25. Bd3 Bd7 26. c4 Bh6 27. Ra5 Rfb8 28. Rfa1 bxc4 29. Bxc4 Bc8 30. Qd3 Bxe3 31. Qxe3 Qa7 32. Qxa7 Rxa7 33. Ne1 h5 34. gxh5 gxh5 35. Nf3 Ng5 36. Nxg5 fxg5 37. Nxh5 Rh7 38. Ng3 Bxh3+ 39. Kg1 Bc8 40. Bxa6 Bxa6 41. Rxa6 Rxb3 42. Rxd6 Rf7 43. Kg2 Nf6 44. Raa6 1-0